Normal view
MARC view
Entry Personal Name
001 - CONTROL NUMBER
- control field: 1236196
003 - CONTROL NUMBER IDENTIFIER
- control field: OSt
005 - DATE AND TIME OF LATEST TRANSACTION
- control field: 20260430150018.0
008 - FIXED-LENGTH DATA ELEMENTS
- fixed length control field: 260430|| aca||aabn | a|a d
040 ## - CATALOGING SOURCE
- Original cataloging agency: OSt
- Transcribing agency: OSt
100 ## - HEADING--PERSONAL NAME
- Personal name: University of Delhi. Facualty of law. Department of law
670 ## - SOURCE DATA FOUND
- Source citation: Work cat.: (OSt)1848725: Lepcha Tashi palzor Au.; Ratnabali K. Gu. 1236195, Implementational crisi of pre- merger laws of Sikkim protected under article 371F of the Indian consrirurion: a critical analysi, 2022
